000 00907nam a2200241Ia 4500
003 OSt
005 20220923221109.0
006 a|||||r|||| 00| 0
007 ta
008 220922b |||||||| |||| 00| 0 hin d
024 _a195,070
037 _cTextual
040 _aARTS
_cARTS
_bhin
041 _2hin
_ahin
082 _aO152,3M80:g(Y31), L6
100 _aगौड़, सरोज
245 0 _aप्रेमचन्द की कहानियों कीें में ग्राम्यजीवन का चित्रण
246 _aPremachanda kī kahāniyoan kīean mean grāmyajīvan kā chitraṇa
260 _aसुल्तानपुर
_b करूण प्रका0
_c1976
650 _aहिन्दी साहित्य
_9156264
942 _hO152,3M80:g(Y31), L6
_cTEXL
_2CC
999 _c347333
_d347333